Nanostructures & nanomaterials : synthesis, properties & applications (Record no. 598856)

000 -LEADER
fixed length control field 00357nam a2200121Ia 4500
008 - FIXED-LENGTH DATA ELEMENTS--GENERAL INFORMATION
fixed length control field 230907s9999||||xx |||||||||||||| ||und||
082 ## - DEWEY DECIMAL CLASSIFICATION NUMBER
Classification number 620.5
Author Mark CAO
100 ## - MAIN ENTRY--PERSONAL NAME
Personal name Cao, Guozhong
9 (RLIN) 115347
245 #0 - TITLE STATEMENT
Title Nanostructures & nanomaterials : synthesis, properties & applications
260 ## - PUBLICATION, DISTRIBUTION, ETC.
Place of publication, distribution, etc. World scientific publishing
Name of publisher, distributor, etc. USA
Date of publication, distribution, etc. 2017
300 ## - PHYSICAL DESCRIPTION
Extent 581p.
942 ## - ADDED ENTRY ELEMENTS (KOHA)
Koha item type Book
Holdings
Withdrawn status Lost status Damaged status Not for loan Permanent Location Current Location Date acquired Total Checkouts Full call number Barcode Date last seen Date last checked out Price effective from Koha item type
        US-Pakistan Center for Advanced Studies in Energy (USPCAS-E) US-Pakistan Center for Advanced Studies in Energy (USPCAS-E) 06/25/2018 1 620.5 CAO CAS-E0002955 11/07/2023 10/11/2023 09/12/2023 Book
© 2023 Central Library, National University of Sciences and Technology. All Rights Reserved.